| 000 | nam a22 a 4500 | ||
|---|---|---|---|
| 999 |
_c242 _d242 |
||
| 003 | AKMAL | ||
| 005 | 20170512160036.0 | ||
| 008 | 170512s2006 my | e | 000 s may d | ||
| 020 |
_a9679933598 (kkt.) : _cRM30.00 |
||
| 040 | _aAKMAL | ||
| 082 | 0 | 4 |
_a352.63595 ABD _222 |
| 090 | 0 | 0 |
_a352.63595 _bABD |
| 100 | 0 |
_aAbdul Halim Ali, _cTan Sri _9545 |
|
| 245 | 1 | 0 |
_aKe arah kecemerlangan dan kesejahteraan perkhidmatan awam di alaf baru = _btowards an excellent and caring public service for the next millennium : selected speeches of Tan Sri Abdul Halim Ali, Chief Secretary to the government, Malaysia / _cAbdul Halim Ali |
| 246 | 3 | 1 |
_aTowards an excellent and caring public service for the next millennium : _bselected speeches of Tan Sri Abdul Halim Ali, Chief Secretary to the government, Malaysia |
| 260 |
_aKuala Lumpur : _bInstitut Tadbiran Awam Negara, _c2006 |
||
| 300 |
_axviii, 251ms. ; _c21cm. |
||
| 650 | 1 | 0 |
_aCivil service _zMalaysia _9420 |
| 650 | 2 | 0 |
_aISO 9000 Series Standards _9546 |
| 650 | 2 | 0 |
_aQuality assurance _zMalaysia _9547 |
| 650 | 2 | 0 |
_aInformation technology _zMalaysia _9542 |
| 650 | 2 | 0 |
_aCivil service reform _zMalaysia _9540 |
| 650 | 2 | 0 |
_aSpeeches, addresses, etc. _954 |
| 942 |
_2ddc _cBOOK |
||